[Event "4th IECC"]
[Site "Istanbul TUR"]
[Date "2003.06.02"]
[Round "4"]
[White "Kozul,Z"]
[Black "Godena,M"]
[Result "1-0"]
[WhiteElo "2601"]
[BlackElo "2527"]

1.d4 d5 2.c4 c6 3.Nf3 Nf6 4.Nc3 e6 5.e3 Nbd7 6.Bd3 dxc4 7.Bxc4 b5 8.Bd3 Bd6
9.Ng5 Bb7 10.Qf3 Rb8 11.O-O h6 12.Nge4 Be7 13.Rd1 O-O 14.Qg3 Nxe4 15.Nxe4 c5
16.dxc5 Nxc5 17.Nxc5 Bxc5 18.e4 Qb6 19.Bf4 Rbc8 20.Rac1 Kh8 21.h3 Rfd8 22.b4 Bd4
23.Bc7 Rxc7 24.Qxc7 Ba1 25.Bf1 Bd4 26.Qxb6 Bxb6 27.Bxb5 Bxe4 28.Bc6 f5 29.a4 e5
30.Re1 Bd4 31.b5 Rd6 32.Rf1 Rg6 33.g4 Kh7 34.Bxe4 fxe4 35.Rc6  1-0

[Event "4th IECC"]
[Site "Istanbul TUR"]
[Date "2003.06.02"]
[Round "4"]
[White "Banikas,H"]
[Black "Erdogdu,M"]
[Result "1-0"]
[WhiteElo "2542"]
[BlackElo "2303"]

1.d4 d5 2.Nf3 Nf6 3.c4 c6 4.Nc3 e6 5.e3 Nbd7 6.Bd3 dxc4 7.Bxc4 b5 8.Bd3 b4
9.Ne4 Nxe4 10.Bxe4 Bb7 11.O-O Qb6 12.a3 Be7 13.axb4 Bxb4 14.Bd2 Nf6 15.Bd3 O-O
16.Bxb4 Qxb4 17.Qc2 Rfc8 18.Ra4 Qb6 19.b4 h6 20.Ne5 Rd8 21.Rfa1 Nd7 22.Nc4 Qc7
23.Rxa7 e5 24.Rxa8 Bxa8 25.dxe5 Nxe5 26.Nxe5 Qxe5 27.Rb1 Bb7 28.Bf1 Qd6 29.Be2 Qe7
30.Bf3 Rd6 31.Qc5 Qd7 32.h3 Ba6 33.Ra1 Bb5 34.Ra8+ Kh7 35.Be4+ g6 36.Qe5 f6
37.Qc5 Qc7 38.f4 Rd7 39.Qf8  1-0

[Event "17th Open"]
[Site "Pula CRO"]
[Date "2003.06.02"]
[Round "3"]
[White "Kiss,Pa"]
[Black "Avdic,A"]
[Result "1/2-1/2"]
[WhiteElo "2401"]
[BlackElo "2182"]

1.d4 d5 2.c4 c6 3.e3 Nf6 4.Nc3 e6 5.Nf3 Nbd7 6.Qc2 Bd6 7.Bd3 O-O 8.O-O h6
9.Rd1 Qe7 10.c5 Bc7 11.e4 dxe4 12.Nxe4 Nxe4 13.Bxe4 e5 14.Re1 Re8 15.Bh7+ Kh8
16.Bf5 Qf6 17.Bf4 Nxc5 18.Bxe5 Bxf5 19.Qxc5 Bxe5 20.dxe5 Qe7 21.Qxe7 Rxe7
22.Nd4 Bd7  1/2-1/2

[Event "IEWCC"]
[Site "Istanbul TUR"]
[Date "2003.06.04"]
[Round "3"]
[White "Galojan,L"]
[Black "Shumiakina,T"]
[Result "1/2-1/2"]
[WhiteElo "2242"]
[BlackElo "2373"]

1.d4 d5 2.c4 c6 3.Nc3 Nf6 4.e3 e6 5.Nf3 Nbd7 6.Qc2 Bd6 7.b3 O-O 8.Be2 b6
9.O-O Bb7 10.e4 Nxe4 11.Nxe4 dxe4 12.Qxe4 Nf6 13.Qh4 c5 14.Bb2 Qe7 15.Rfe1 cxd4
16.Nxd4 Bb4 17.Red1 Ba3 18.Bxa3 Qxa3 19.Nc2 Qe7 20.a3 Rfd8 21.b4 Be4 22.Ne3 Rxd1+
23.Rxd1 Rd8 24.f3 Bg6 25.Qe1 h6 26.Rxd8+ Qxd8 27.Qc3 Qc7 28.c5 bxc5 29.bxc5 Qc6
30.Qa5 Nd7 31.Qxa7 Nxc5 32.Qa5 Nb3 33.Qb4 Nc1 34.Bc4 Nd3 35.Qb5 Qd6 36.Bxd3 Bxd3
37.Qe8+ Kh7 38.Qxf7 Qxa3 39.Qxe6 Qb2 40.h3 Qb1+ 41.Kf2 Qb2+ 42.Kg3 Qe2 43.Qe5 Qe1+
44.Kh2 Qe2 45.f4 Bb1 46.Qe7 Bd3 47.Qe5 Bb1 48.Qe7 Bd3 49.Nd5 Qxe7 50.Nxe7 g6
51.Kg3 Be4 52.Kf2 Kg7 53.Nc8 Kf6 54.Nd6 Bd5 55.g3 Ke6 56.Nb5 Kf6 57.Nd4 Bb7
58.g4 Bc8 59.Ke3 Bb7 60.Nf3 Bc8 61.Ne1 Kg7 62.Nd3 h5 63.Ne5 hxg4 64.hxg4 Kf6
65.Ke4  1/2-1/2

[Event "IEWCC"]
[Site "Istanbul TUR"]
[Date "2003.06.04"]
[Round "3"]
[White "Tkeshelashvili,S"]
[Black "Kharashkina,B"]
[Result "1-0"]
[WhiteElo "2293"]
[BlackElo "2182"]

1.d4 d5 2.c4 c6 3.Nf3 Nf6 4.e3 e6 5.Nc3 Nbd7 6.Qc2 Bd6 7.Be2 O-O 8.O-O Qe7
9.e4 dxe4 10.Nxe4 Nxe4 11.Qxe4 e5 12.Bg5 Qe6 13.c5 Bc7 14.Rfe1 Qg6 15.Qxg6 hxg6
16.Bc4 b5 17.Bb3 Bb7 18.Rac1 Rae8 19.d5 a5 20.a4 b4 21.d6 Bb8 22.Be7 Rxe7
23.dxe7 Re8 24.Rcd1 Rxe7 25.Ng5 Ba7 26.Bxf7+ Kf8 27.Bxg6 Bxc5 28.Rxd7 Bxf2+
29.Kxf2 Rxd7 30.Rxe5  1-0

[Event "17th Open"]
[Site "Pula CRO"]
[Date "2003.06.04"]
[Round "5"]
[White "Kiss,Pa"]
[Black "Glavas,D"]
[Result "0-1"]
[WhiteElo "2401"]
[BlackElo "2221"]

1.d4 d5 2.c4 c6 3.Nc3 Nf6 4.e3 e6 5.Nf3 Nbd7 6.Qc2 a6 7.Be2 dxc4 8.Bxc4 b5
9.Be2 Bb7 10.a4 b4 11.Ne4 Nxe4 12.Qxe4 Qb8 13.Qg4 Nf6 14.Qg3 Qxg3 15.hxg3 a5
16.Ne5 Nd7 17.Nxd7 Kxd7 18.Bf3 Kc7 19.e4 Bd6 20.e5 Be7 21.Be3 Rac8 22.Rc1 h6
23.g4 c5 24.dxc5 Bxf3 25.gxf3 Kc6 26.Ke2 Rhd8 27.Rhd1 Rd5 28.Rxd5 Kxd5 29.f4 Rc7
30.b3 Bxc5 31.Rd1+ Kc6 32.Bxc5 Kxc5 33.Rd6 g6 34.Ke3 Rc6 35.Rd7 Kb6 36.Rxf7 Rc3+
37.Ke4 Rxb3 38.Rf6 Ra3 39.Rxe6+ Kc7 40.Kd5 Rd3+ 41.Ke4 Ra3 42.f5 b3 43.Kd3 Rxa4
44.Kc3 Rb4 45.Kb2 gxf5 46.gxf5 a4 47.Ra6 Rf4 48.Ka3 Rxf2 49.Rxa4 Ra2+ 50.Kxb3 Rxa4
51.Kxa4 h5  0-1

[Event "4th IECC"]
[Site "Istanbul TUR"]
[Date "2003.06.05"]
[Round "6"]
[White "Marin,M"]
[Black "Yagupov,I"]
[Result "1/2-1/2"]
[WhiteElo "2568"]
[BlackElo "2454"]

1.c4 c6 2.Nf3 d5 3.e3 Nf6 4.Nc3 e6 5.d4 Nbd7 6.Qc2 Bd6 7.b3 O-O 8.Be2 b6
9.O-O Bb7 10.Bb2 Qe7 11.Rad1 Rad8 12.Bd3 h6 13.Rfe1 c5 14.cxd5 cxd4 15.Nxd4 Nxd5
16.Nxd5 Bxd5 17.Qe2 Nc5 18.Bc2 Bb7 19.Qh5 Bb8 20.f3  1/2-1/2

[Event "4th IECC"]
[Site "Istanbul TUR"]
[Date "2003.06.06"]
[Round "7"]
[White "Pedersen,NV"]
[Black "Korneev,O"]
[Result "0-1"]
[WhiteElo "2508"]
[BlackElo "2606"]

1.d4 d5 2.c4 e6 3.Nc3 c6 4.e3 Nf6 5.Nf3 Nbd7 6.Qc2 Bd6 7.g4 Bb4 8.Bd2 Qe7
9.g5 Bxc3 10.Bxc3 Ne4 11.Bd3 Nxc3 12.Qxc3 dxc4 13.Bxc4 b6 14.O-O-O Bb7 15.e4 O-O
16.Rhe1 b5 17.Bd3 a6 18.Bc2 c5 19.Qe3 Rfd8 20.Qf4 Rac8 21.d5 e5 22.Qg3 c4
23.Nh4 g6 24.Re3 c3 25.Rxc3 Rxc3 26.bxc3 Qa3+ 27.Kb1 Nb6 28.c4 Nxc4 29.Qxa3 Nxa3+
30.Kb2 Nc4+ 31.Kb3 f6 32.gxf6 Kf7 33.Bd3 Rc8 34.Ng2 Kxf6 35.f3 Ke7 36.Bxc4 Rxc4
37.Ne3 Rc8 38.Ng4 Kd6 39.f4 exf4 40.e5+ Ke7 41.Nf6 f3 42.Nxh7 f2 43.Nf6 Rd8
44.Rf1 Bxd5+ 45.Nxd5+ Rxd5 46.Rxf2 Rxe5 47.Rg2 Kf6 48.Rc2 a5 49.Rf2+ Rf5
50.Rc2 Rf3+ 51.Kb2 Kg5 52.Rg2+ Kh5 53.a3 g5 54.Rd2 a4 55.Rd5 Rf2+ 56.Kc3 Rxh2
57.Rxb5 Ra2 58.Kb4 Rb2+ 59.Kxa4 Rxb5 60.Kxb5 g4 61.a4 g3  0-1

[Event "4th IECC"]
[Site "Istanbul TUR"]
[Date "2003.06.06"]
[Round "7"]
[White "Gagunashvili,M"]
[Black "Kobalia,M"]
[Result "0-1"]
[WhiteElo "2580"]
[BlackElo "2639"]

1.d4 d5 2.c4 c6 3.Nf3 Nf6 4.Nc3 e6 5.e3 a6 6.Ne5 c5 7.cxd5 exd5 8.Bd3 Bd6
9.O-O O-O 10.h3 Re8 11.f4 Nc6 12.Kh1 Qc7 13.g4 cxd4 14.exd4 Qb6 15.g5 Ne4
16.Nxe4 dxe4 17.Bxe4 g6 18.Be3 Bxe5 19.fxe5 Nxe5 20.Rf6 Be6 21.Bg2 Rad8 22.Bg1 Qa5
23.Qe1 Qxe1 24.Rxe1 Nc6 25.Rff1 Nxd4 26.Rd1 Nf5 27.Kh2 Rxd1 28.Rxd1 Bxa2
29.Rd2 b5 30.Bb7 Bc4 31.Bxa6 Ne3 32.Rd7 Re5 33.h4 Nf5 34.Bc8 Re8 35.Bb7 Re2+
36.Kh3 Rxb2 37.Bc5 h5 38.gxh6 Be6 39.Rd8+ Kh7 40.Ba6 Nd6+ 41.Kg3 Ne4+ 42.Kf4 Nxc5  0-1

[Event "4th IECC"]
[Site "Istanbul TUR"]
[Date "2003.06.06"]
[Round "7"]
[White "Pedersen,NV"]
[Black "Korneev,O"]
[Result "0-1"]
[WhiteElo "2508"]
[BlackElo "2606"]

1.d4 d5 2.c4 e6 3.Nc3 c6 4.e3 Nf6 5.Nf3 Nbd7 6.Qc2 Bd6 7.g4 Bb4 8.Bd2 Qe7
9.g5 Bxc3 10.Bxc3 Ne4 11.Bd3 Nxc3 12.Qxc3 dxc4 13.Bxc4 b6 14.O-O-O Bb7 15.e4 O-O
16.Rhe1 b5 17.Bd3 a6 18.Bc2 c5 19.Qe3 Rfd8 20.Qf4 Rac8 21.d5 e5 22.Qg3 c4
23.Nh4 g6 24.Re3 c3 25.Rxc3 Rxc3 26.bxc3 Qa3+ 27.Kb1 Nb6 28.c4 Nxc4 29.Qxa3 Nxa3+
30.Kb2 Nc4+ 31.Kb3 f6 32.gxf6 Kf7 33.Bd3 Rc8 34.Ng2 Kxf6 35.f3 Ke7 36.Bxc4 Rxc4
37.Ne3 Rc8 38.Ng4 Kd6 39.f4 exf4 40.e5+ Ke7 41.Nf6 f3 42.Nxh7 f2 43.Nf6 Rd8
44.Rf1 Bxd5+ 45.Nxd5+ Rxd5 46.Rxf2 Rxe5 47.Rg2 Kf6 48.Rc2 g5 49.Rc6+ Re6
50.Rc2  0-1

[Event "IHEM"]
[Site "Hamburg GER"]
[Date "2003.06.07"]
[Round "1"]
[White "Berkes,F"]
[Black "Lindinger,M"]
[Result "1-0"]
[WhiteElo "2578"]
[BlackElo "2304"]

1.d4 d5 2.Nf3 Nf6 3.c4 c6 4.Nc3 e6 5.e3 Nbd7 6.Bd3 dxc4 7.Bxc4 b5 8.Bd3 Bb7
9.O-O b4 10.Na4 Be7 11.e4 c5 12.e5 Nd5 13.Nxc5 Nxc5 14.dxc5 Qa5 15.Ng5 Qxc5
16.Qh5 Bxg5 17.Bxg5 Nf6 18.Qe2 Nd7 19.Bb5 Qd5 20.Bxd7+ Qxd7 21.Qg4 Qb5 22.Rac1 Qxe5
23.Bf4 h5 24.Qg3 h4 25.Qg4 Qf6 26.Rc7 Bd5 27.Bd6 Qg6 28.f3 h3 29.Qxg6 fxg6
30.Rfc1 Rd8 31.Re7+ Kf8 32.Bxb4 Kg8 33.Rcc7 Rh7 34.Red7 Rb8 35.b3 hxg2 36.Kxg2 g5
37.Bc3 Kf8  1-0

[Event "4th IECC"]
[Site "Istanbul TUR"]
[Date "2003.06.07"]
[Round "8"]
[White "Schandorff,L"]
[Black "Bocharov,D"]
[Result "1-0"]
[WhiteElo "2563"]
[BlackElo "2492"]

1.d4 d5 2.c4 c6 3.Nf3 Nf6 4.Nc3 e6 5.e3 Nbd7 6.Qc2 Bd6 7.g4 dxc4 8.Bxc4 b6
9.e4 e5 10.g5 Nh5 11.Be3 O-O 12.O-O-O Qe7 13.Ne2 g6 14.Ng3 Ng7  1-0

[Event "4th IECC"]
[Site "Istanbul TUR"]
[Date "2003.06.07"]
[Round "8"]
[White "Schandorff,L"]
[Black "Bocharov,D"]
[Result "1-0"]
[WhiteElo "2563"]
[BlackElo "2492"]

1.d4 d5 2.c4 c6 3.Nf3 Nf6 4.Nc3 e6 5.e3 Nbd7 6.Qc2 Bd6 7.g4 dxc4 8.Bxc4 b6
9.e4 e5 10.g5 Nh5 11.Be3 O-O 12.O-O-O Qe7 13.Ne2 g6 14.Ng3 Ng7 15.Kb1 exd4
16.Nxd4 Ne5 17.Be2 c5 18.Nb5 Bb8 19.Nc3 Be6 20.f4 Nc6 21.Bf3 Nd4 22.Bxd4 cxd4
23.Nce2 Bc7 24.f5 Rfc8 25.Qd3 Bxg3 26.Nxg3 Bc4 27.Qd2 Qe5 28.Qxd4 Qf4 29.Be2 Bxe2
30.Nxe2 Qxg5 31.Nc3 Nh5 32.Nd5 Rc5 33.Rhg1 Qh4 34.f6 Kh8 35.Nxb6 Re8 36.Qxc5 axb6
37.Qe7 Nxf6 38.Qxf7 Qxe4+ 39.Ka1 Qe5 40.Rgf1 Ng4 41.Rc1 Nxh2 42.Rh1  1-0

[Event "4th IECC"]
[Site "Istanbul TUR"]
[Date "2003.06.07"]
[Round "8"]
[White "Avrukh,B"]
[Black "Potkin,V"]
[Result "1-0"]
[WhiteElo "2586"]
[BlackElo "2522"]

1.d4 d5 2.c4 e6 3.Nc3 Nf6 4.Nf3 c6 5.e3 Nbd7 6.Bd3 dxc4 7.Bxc4 b5 8.Bd3 b4
9.Ne4 Nxe4 10.Bxe4 Bb7 11.O-O Bd6 12.Qc2 Rc8 13.Rd1 Nf6 14.Bd3 c5 15.dxc5 Rxc5
16.Qe2 Ne4 17.a3 bxa3 18.Rxa3 Qb8 19.Ra4 f5 20.Rd4 Ke7 21.Bxe4 Bxe4 22.b4 Rc7
23.Qa2 Rd8 24.b5  1-0

[Event "4th IECC"]
[Site "Istanbul TUR"]
[Date "2003.06.07"]
[Round "8"]
[White "Milov,V"]
[Black "Smirnov,P"]
[Result "1/2-1/2"]
[WhiteElo "2574"]
[BlackElo "2615"]

1.d4 d5 2.c4 e6 3.Nc3 c6 4.e3 Nf6 5.Nf3 Nbd7 6.Bd3 dxc4 7.Bxc4 b5 8.Bd3 Bb7
9.e4 b4 10.Na4 c5 11.e5 Nd5 12.dxc5 Nxc5 13.Nxc5 Bxc5 14.O-O h6 15.Nd2 O-O
16.Ne4 Bd4 17.Nd6 Bc6 18.Bh7+ Kxh7 19.Qxd4 f6 20.Bd2 fxe5 21.Qxe5 Qd7 22.Nc4 Rad8
23.Rfe1 Nb6 24.Nd6 Nc8 25.Nc4 Nb6 26.Nd6 Qxd6 27.Qxd6 Rxd6 28.Bxb4 Rfd8 29.Bxd6 Rxd6
30.Red1 Nd5 31.b4 Kg6 32.Rac1 Kf6 33.a3 Ke7 34.f3 Bd7 35.Rc5 Rb6 36.Kf2 g5
37.Ra5 a6 38.Rc5 Rb8 39.Rd4 Bb5 40.h4 Rf8 41.Rc1 Kd6 42.hxg5 hxg5 43.Rg4 Rf5
44.Rc8 Re5 45.Re4 Rxe4 46.fxe4 Nb6 47.Rc5 e5 48.Kf3 Nd7 49.Rc8 Bc6 50.Rd8 Kc7
51.Rg8 Bxe4+ 52.Kf2 Kd6 53.Rxg5 Nf6 54.Rg7 Nd5 55.Ke2 Nf4+ 56.Kf2 Bd3 57.Ke3 Bf1
58.Rh7 Nd5+ 59.Kf2 Bd3 60.Rh8 e4 61.Re8 Kd7 62.Re5 Kd6 63.Re8 Kd7 64.Re5 Nf6
65.Rg5 Ke6 66.Ke3 Nd5+ 67.Kd4 Ne7 68.g4 Nc6+ 69.Ke3 Ne5  1/2-1/2

[Event "4th IECC"]
[Site "Istanbul TUR"]
[Date "2003.06.07"]
[Round "8"]
[White "Avrukh,B"]
[Black "Potkin,V"]
[Result "1-0"]
[WhiteElo "2586"]
[BlackElo "2522"]

1.d4 d5 2.c4 e6 3.Nc3 Nf6 4.Nf3 c6 5.e3 Nbd7 6.Bd3 dxc4 7.Bxc4 b5 8.Bd3 b4
9.Ne4 Nxe4 10.Bxe4 Bb7 11.O-O Bd6 12.Qc2 Rc8 13.Rd1 Nf6 14.Bd3 c5 15.dxc5 Rxc5
16.Qe2 Ne4 17.a3 bxa3 18.Rxa3 Qb8 19.Ra4 f5 20.Nd4 Ke7 21.Bxe4 Bxe4 22.b4 Rc7
23.Qa2 Qc8 24.Rxa7 Rd8 25.b5 Rxa7 26.Qxa7+ Qb7 27.Qxb7+ Bxb7 28.Bb2 g6 29.f4 Rc8
30.Ra1 Ra8 31.Rxa8 Bxa8 32.Kf2 Kd7 33.Nf3 Bd5 34.Ng5 h5 35.Nf7 Bf8 36.Ne5+ Ke8
37.Nxg6 Bc4 38.b6 Bd5 39.Bd4 Bd6 40.Nh4 Be7 41.Nf3 Bd8 42.Kg3 Kf7 43.Kh3 Be7
44.Ne5+ Ke8 45.Ng6 Bd8 46.Bc5 Kf7 47.Ne5+ Ke8 48.Nf3 Kf7 49.Nd4 Ke8 50.Nb5 Kd7
51.Nc3 Bc6 52.Bd4 Ke8 53.Ne2 Kf7 54.Nc1 Bd5 55.Nd3 Ke8 56.Kg3 Kf7 57.Kf2 Ke8
58.Ne5 Bh4+ 59.Kf1 Bd8 60.g3 Bf6 61.Nd3 Be7 62.Ke2 Kd7 63.Ne5+ Kc8 64.Kd3 Kb7
65.Kc3 Ka6 66.Nd7 Kb5 67.Ne5 Bb4+ 68.Kd3 Be7 69.Ke2 Ka6 70.Nd3 Kb5 71.Nb2 Ba3
72.Nd1 Bb4 73.Nb2 Kc6 74.Nd1 Bc4+ 75.Kf2 Bd5 76.Nb2 Ba3 77.Nd3 Bd6 78.Be5 Be7
79.Bc7 Kb7 80.Ke2 Kc6 81.Kd2 Kb5 82.Kc3 Bc5 83.Kd2 Be7 84.Ne5 Bb4+ 85.Ke2 Be7
86.Nf3 Bc5 87.Bd8 Kc6 88.Ne5+ Kb5 89.Nd7 Bc4+ 90.Kf2 Bd6 91.Nf6  1-0

[Event "IV Open"]
[Site "Lido Estensi ITA"]
[Date "2003.06.07"]
[Round "2"]
[White "Chabanon,JL"]
[Black "Trabert,B"]
[Result "1-0"]
[WhiteElo "2492"]
[BlackElo "2292"]

1.d4 d5 2.Nf3 c6 3.c4 e6 4.e3 Nf6 5.Nc3 Nbd7 6.Qc2 Bd6 7.g4 Bb4 8.Bd2 Qe7
9.Bd3 e5 10.cxd5 Bxc3 11.Bxc3 e4 12.dxc6 bxc6 13.g5 exd3 14.gxf6 Qxf6 15.Qd1 Bb7
16.Rg1 c5 17.Ne5 Nxe5 18.dxe5 Qa6 19.Rxg7 O-O-O 20.Kd2 Bd5 21.Qg4+ Be6 22.Qe4 Bd5
23.Qf4 h6 24.e4 Be6 25.Qe3 Qb5 26.f4 Rhg8 27.Rg3 Rxg3 28.hxg3 Bg4 29.Rc1 Kb7
30.f5 h5 31.b3 Rd7 32.Ke1 Be2 33.Bd2 Rc7 34.Kf2 c4 35.Qd4 cxb3 36.Rxc7+ Kxc7
37.Qxa7+ Kc6 38.axb3 Qxb3 39.Qa8+ Kc5 40.Be3+ Kc4 41.Qd5+ Kc3 42.Qxb3+ Kxb3
43.e6 fxe6 44.f6  1-0

[Event "4th IECC"]
[Site "Istanbul TUR"]
[Date "2003.06.08"]
[Round "9"]
[White "Sokolov,I"]
[Black "Luther,T"]
[Result "1/2-1/2"]
[WhiteElo "2677"]
[BlackElo "2571"]

1.d4 d5 2.c4 c6 3.Nc3 Nf6 4.e3 e6 5.Nf3 Nbd7 6.Bd3 dxc4 7.Bxc4 b5 8.Bd3 Bb7
9.e4 b4 10.Na4 c5 11.e5 Nd5 12.O-O cxd4 13.Re1 g6 14.Bg5 Qa5 15.Nxd4 a6 16.a3 bxa3
17.bxa3 Bg7 18.Rb1 Rb8 19.Bd2 Qd8 20.Rxb7 Rxb7 21.Bxa6 Rc7 22.Nb5 O-O 23.Nxc7 Qxc7
24.Qc1 Qa7 25.Bb5 Nxe5 26.Qc5 Qb8 27.Rc1 Ng4 28.g3 h5 29.Be2 Qa8 30.Qc4 Ne5
31.Qe4 Rb8 32.Bd1 Nd7 33.Rb1 Rxb1 34.Qxb1 Bd4 35.Qb3 Qa7 36.Be1 Ne5 37.Nb2 Bxb2
38.Qxb2 Nd3 39.Qe2 Nxe1 40.a4 Qa5 41.Kf1 Nc3 42.Qxe1 Qd5 43.Qxc3 Qxd1+ 44.Kg2 Qxa4
45.h4 Qe4+ 46.Kg1 e5 47.Qc7 Kg7 48.Qe7 Qd4 49.Kg2 Qe4+ 50.Kg1 Qf5 51.Qc7 Qe6
52.Qc3 Qd5 53.Qc7 Kf6 54.Qc8 Qe6 55.Qd8+ Kg7 56.Qc7 Qf6 57.Qc5 g5 58.hxg5 Qxg5
59.Qc4 Qg4 60.Qc5 Qd1+ 61.Kg2 Qd4 62.Qe7 Qg4 63.Qe8 Qe4+  1/2-1/2

[Event "4th IECC"]
[Site "Istanbul TUR"]
[Date "2003.06.08"]
[Round "9"]
[White "Georgiev,Ki"]
[Black "Kobalia,M"]
[Result "1/2-1/2"]
[WhiteElo "2647"]
[BlackElo "2639"]

1.d4 d5 2.c4 c6 3.Nf3 Nf6 4.Nc3 e6 5.e3 Nbd7 6.Bd3 dxc4 7.Bxc4 b5 8.Bd3 Bd6
9.O-O O-O 10.Qc2 Bb7 11.Bd2 Rc8 12.Ng5 h6 13.Nge4 Be7 14.Rfd1 c5 15.dxc5 Nxe4
16.Bxe4 Nxc5 17.Bxb7 Nxb7 18.Qb3 a6  1/2-1/2

[Event "3rd Zurich Lake Plaza Open"]
[Site "Pfaeffikon SUI"]
[Date "2003.06.08"]
[Round "5"]
[White "Georgiev,Vl"]
[Black "Videki,S"]
[Result "1-0"]
[WhiteElo "2552"]
[BlackElo "2424"]

1.c4 e6 2.Nc3 d5 3.d4 c6 4.e3 Nf6 5.Nf3 Nbd7 6.Bd3 dxc4 7.Bxc4 b5 8.Be2 Bb7
9.O-O a6 10.e4 c5 11.e5 Nd5 12.a4 b4 13.Ne4 cxd4 14.Bg5 Qa5 15.Qxd4 h6 16.Bh4 Nf4
17.Bc4 Qb6 18.Rfd1 Qxd4 19.Rxd4 g5 20.Bg3 Nd5 21.h4 g4 22.Nfd2 Be7 23.Be2 h5
24.Nc4 O-O 25.Na5 Bc8 26.Nc6 Re8 27.Nxe7+ Rxe7 28.a5 Bb7 29.Rc1 Nf8 30.Nf6+ Nxf6
31.exf6 Rd7 32.Rxb4 Ng6 33.Rc7 Rxc7 34.Bxc7 Bd5 35.Bg3 e5 36.Rb6 Rc8 37.Bxa6 Rc1+
38.Kh2  1-0

[Event "FSFMA June"]
[Site "Budapest HUN"]
[Date "2003.06.09"]
[Round "3"]
[White "Sallai,K"]
[Black "Harmatosi,J"]
[Result "1/2-1/2"]
[WhiteElo "2188"]
[BlackElo "2209"]

1.Nf3 d5 2.c4 c6 3.d4 Nf6 4.Nc3 e6 5.e3 Nbd7 6.Qc2 Bd6 7.Bd3 O-O 8.O-O dxc4
9.Bxc4 e5 10.h3 Qe7 11.Bb3 c5 12.Bd2 b6 13.Nd5 Nxd5 14.Bxd5 Rb8 15.Bc3 Bb7
16.Bxb7 Rxb7 17.dxe5 Nxe5 18.Nxe5 Bxe5 19.Bxe5 Qxe5 20.Rad1 Rc7 21.e4 f5
22.Rfe1 Rfc8 23.f3 h6 24.Qd2 fxe4 25.Rxe4 Qf6 26.b3  1/2-1/2

[Event "Golden Cleopatra"]
[Site "Cairo EGY"]
[Date "2003.06.09"]
[Round "8"]
[White "Abdel Razik,K"]
[Black "Ismail,H"]
[Result "0-1"]
[WhiteElo "2380"]
[BlackElo "2314"]

1.d4 d5 2.c4 c6 3.e3 Nf6 4.Nc3 e6 5.Nf3 Nbd7 6.Qc2 a6 7.Bd2 dxc4 8.Bxc4 b5
9.Be2 Bb7 10.Rd1 Rc8 11.O-O c5 12.Qb1 cxd4 13.Nxd4 Bc5 14.Bf3 Qb6 15.Bxb7 Qxb7
16.Nb3 Bb6 17.Ne2 O-O 18.Bb4 Rfe8 19.Ng3 Nd5 20.Bd2 Ne5 21.e4 Ne7 22.Bc3 Nc4
23.Nh5 e5 24.Qd3 Ng6 25.Qf3 Qe7 26.Ng3 Red8 27.Nf5 Qf6 28.Nh6+ Kf8 29.Bb4+ Ke8
30.Qxf6 gxf6 31.Nf5 Rd7 32.h4 a5 33.Rxd7 Kxd7 34.Rd1+ Kc7 35.Bc5 a4 36.Bxb6+ Kxb6
37.Na1 Nxb2 38.Rb1 Nd3 39.g3 Nf8 40.a3 Rc1+ 41.Rxc1 Nxc1 42.Nc2 Nd3 43.Kf1 Kc5
44.Ke2 Nb2 45.Kd2 Ne6 46.Nh6 Nc4+ 47.Kd3 Nd4 48.Ne3 Nxa3 49.Nhg4 b4 50.Nxf6 b3
51.Nd1 Nc4 52.Nd7+ Kb4 53.Nc3 Nb2+ 54.Kd2 Nf3+ 55.Ke3 Kxc3 56.Kxf3 a3  0-1

[Event "FSGM June"]
[Site "Budapest HUN"]
[Date "2003.06.10"]
[Round "4"]
[White "Lorscheid,G"]
[Black "Todorovic,GM"]
[Result "0-1"]
[WhiteElo "2315"]
[BlackElo "2459"]

1.d4 d5 2.c4 e6 3.Nc3 c6 4.e3 Nf6 5.Nf3 Nbd7 6.Qc2 Bd6 7.g4 O-O 8.g5 Nh5
9.Bd2 c5 10.cxd5 exd5 11.O-O-O Nb6 12.Kb1 c4 13.e4 Bg4 14.Be2 Nf4 15.Bxf4 Bxf4
16.Nxd5 Nxd5 17.exd5 Rc8 18.Rhg1 Bh5 19.Ne5 Bxe2 20.Qxe2 c3 21.bxc3 Rxc3
22.Qb2 Rc8 23.Rg4 Bxg5 24.d6 Bf6 25.d7 Rc7 26.Qb5 a6 27.Qd5 Qe7 28.Rdg1 Rd8
29.Qa5 Qd6 30.Qe1 Qb6+ 31.Ka1 Rcxd7  0-1

[Event "Golden Cleopatra"]
[Site "Cairo EGY"]
[Date "2003.06.10"]
[Round "9"]
[White "Hamed,Ah"]
[Black "Abdel Samee,M"]
[Result "0-1"]
[WhiteElo "2286"]
[BlackElo "2151"]

1.d4 d5 2.c4 c6 3.e3 Nf6 4.Nc3 e6 5.Nf3 a6 6.Bd3 Nbd7 7.O-O dxc4 8.Bxc4 b5
9.Bd3 Bb7 10.Qe2 c5 11.b3 cxd4 12.Nxd4 e5 13.Nf5 e4 14.Bc2 Qa5 15.Nd1 b4
16.Nd4 Qg5 17.f4 exf3 18.Nxf3 Qh5 19.Bb2 Bd6 20.h3 Rc8 21.Qd2 Bb8 22.Nd4 Qg5
23.Rf2 a5 24.a3 Qg3 25.axb4 O-O 26.b5 Rxc2 27.Qxc2 Bxg2 28.Rxf6 Bxh3+ 29.Kh1 Qe1+  0-1

[Event "4th IECC"]
[Site "Istanbul TUR"]
[Date "2003.06.10"]
[Round "10"]
[White "Milov,V"]
[Black "Nielsen,PH"]
[Result "0-1"]
[WhiteElo "2574"]
[BlackElo "2625"]

1.d4 d5 2.c4 e6 3.Nc3 c6 4.e3 Nf6 5.Nf3 Nbd7 6.Bd3 dxc4 7.Bxc4 b5 8.Bd3 Bb7
9.e4 b4 10.Na4 c5 11.e5 Nd5 12.dxc5 Nxc5 13.Nxc5 Bxc5 14.O-O h6 15.Nd2 O-O
16.Ne4 Bd4 17.Nd6 Bc6 18.Bh7+ Kxh7 19.Qxd4 f6 20.Bd2 fxe5 21.Qe4+ Kg8 22.Qxe5 Qd7
23.Rfe1 Rad8 24.Ne4 Rf5 25.Qd4 Nf4 26.Qxd7 Rxd7 27.Bxf4 Rxf4 28.Nc5 Rd2 29.f3 Rc4
30.Rec1 Rxc1+ 31.Rxc1 Bd5 32.a3 b3 33.Na4 Rc2 34.Rb1 Bc6 35.Nc3 Be8 36.h4 Bg6
37.Rd1 Rxc3  0-1

[Event "IEWCC"]
[Site "Istanbul TUR"]
[Date "2003.06.11"]
[Round "8"]
[White "Johansson,V"]
[Black "Keskin,S"]
[Result "1-0"]
[WhiteElo "2175"]
[BlackElo "2023"]

1.d4 d5 2.c4 c6 3.Nf3 Nf6 4.Nc3 e6 5.e3 Bd6 6.Bd3 Nbd7 7.O-O O-O 8.e4 dxe4
9.Nxe4 Nxe4 10.Bxe4 Re8 11.Bg5 Qc7 12.c5 Bf4 13.Bc2 Nf8 14.Re1 f6 15.Bxf4 Qxf4
16.Re4 Qc7 17.Qe2 Bd7 18.Re1 Re7 19.Nd2 b5 20.Re3 Qf4 21.Ne4 Kh8 22.g3 Qh6
23.Nd6 Qg5 24.Nf5 exf5 25.Rxe7 h6 26.Qf3 Rd8 27.h4 Qg4 28.Qxg4 fxg4 29.Bb3 Kh7
30.Rf7 Ng6 31.Bc2 f5 32.h5 Nh8 33.Rxd7  1-0

[Event "4th IECC"]
[Site "Istanbul TUR"]
[Date "2003.06.11"]
[Round "11"]
[White "Genov,Peta"]
[Black "Fridman,D"]
[Result "1/2-1/2"]
[WhiteElo "2490"]
[BlackElo "2621"]

1.d4 d5 2.c4 c6 3.Nc3 Nf6 4.Nf3 e6 5.e3 Nbd7 6.Qc2 Bd6 7.g4 Nxg4 8.Rg1 Nh6
9.e4 dxe4 10.Nxe4 Bb4+ 11.Bd2 Bxd2+ 12.Qxd2 Nf5 13.O-O-O Nf6 14.Bd3 O-O 15.Rxg7+ Kxg7
16.Qg5+ Kh8 17.Ne5 Qe7 18.Qxf6+ Qxf6 19.Nxf6 Kg7 20.Nh5+ Kh6 21.Nf6 Kg7  1/2-1/2

[Event "IEWCC"]
[Site "Istanbul TUR"]
[Date "2003.06.12"]
[Round "9"]
[White "Chasovnikova,E"]
[Black "Velcheva,M"]
[Result "0-1"]
[WhiteElo "2319"]
[BlackElo "2249"]

1.d4 d5 2.c4 c6 3.Nc3 Nf6 4.e3 e6 5.Nf3 Nbd7 6.Qc2 b6 7.Be2 Bb7 8.O-O Be7
9.e4 dxe4 10.Nxe4 c5 11.Nxf6+ Bxf6 12.Rd1 cxd4 13.Nxd4 O-O 14.Nb5 Qe7 15.Bf4 e5
16.Bg3 Nc5 17.Nd6 Bc6 18.f3 Rfd8 19.Nf5 Qe6 20.Ne3 Ba4 21.b3 e4 22.Rxd8+ Rxd8
23.Re1 Bd4 24.Bf2 Bc6 25.f4 Qh6 26.g3 g5 27.f5 Qf6 28.Rf1 Nd7 29.Ng4 Bxf2+
30.Rxf2 Qd4 31.Qc1 f6 32.h4 gxh4 33.gxh4 Kh8 34.Kh2 Ne5 35.Ne3 Nf3+ 36.Bxf3 exf3
37.Kh3 Qf4 38.Qc3 Rd4 39.Ng2 Qg4+ 40.Kh2 fxg2  0-1

[Event "4th IECC"]
[Site "Istanbul TUR"]
[Date "2003.06.12"]
[Round "12"]
[White "Georgiev,Ki"]
[Black "Galkin,A"]
[Result "1/2-1/2"]
[WhiteElo "2647"]
[BlackElo "2591"]

1.d4 d5 2.c4 e6 3.Nc3 c6 4.e3 Nf6 5.Nf3 Nbd7 6.Qc2 Bd6 7.Bd3 O-O 8.O-O dxc4
9.Bxc4 a6 10.Rd1 b5 11.Be2 Qc7 12.e4 e5 13.g3 Re8 14.a3 exd4 15.Nxd4 Be5
16.Bf3 c5 17.Nf5 Nb6 18.Bg5 Bxf5 19.exf5 Rac8 20.Rac1 Nc4 21.Bd5 Nb6 22.Bg2 Nc4
23.Bd5 Nb6 24.Bxf6 Bxf6 25.Ne4 Nxd5 26.Rxd5 Bxb2 27.Rcd1 Bd4 28.Nd6  1/2-1/2

[Event "4th IECC"]
[Site "Istanbul TUR"]
[Date "2003.06.12"]
[Round "12"]
[White "Vaganian,R"]
[Black "Korobov,A"]
[Result "1-0"]
[WhiteElo "2653"]
[BlackElo "2513"]

1.c4 e6 2.Nc3 d5 3.d4 c6 4.e3 Nf6 5.Nf3 Nbd7 6.Bd3 dxc4 7.Bxc4 b5 8.Bd3 Bb7
9.e4 b4 10.Na4 c5 11.e5 Nd5 12.Nxc5 Nxc5 13.dxc5 Bxc5 14.O-O Qb6 15.Ng5 Rd8
16.Qh5 Rd7 17.Nxh7 Kd8 18.Bg5+ f6 19.Bh4 g5 20.exf6 gxh4 21.f7 Qc6 22.Be4 Be7
23.Qg6 Rxh7 24.Qg8+ Kc7 25.Rac1  1-0

[Event "IV Open"]
[Site "Lido Estensi ITA"]
[Date "2003.06.12"]
[Round "6"]
[White "Plachkinova,T"]
[Black "Lazic,Mi"]
[Result "0-1"]
[WhiteElo "2171"]
[BlackElo "2508"]

1.d4 d5 2.c4 c6 3.Nf3 e6 4.Nc3 Nf6 5.e3 Nbd7 6.Qc2 Bd6 7.g4 dxc4 8.Bxc4 Qe7
9.g5 Nd5 10.Nxd5 cxd5 11.Bd3 e5 12.dxe5 Nxe5 13.Nxe5 Bxe5 14.Bd2 Bd7 15.Qb3 Rc8
16.h4 O-O 17.Bb4 Bd6 18.Bc3 d4 19.Bxd4 Bc6 20.Rf1 Qd7 21.Qd1 Bg2 22.Rg1 Bb4+
23.Bc3 Rxc3 24.Bxh7+ Kxh7 25.Qxd7 Rd3+ 26.Ke2 Rxd7 27.Rxg2 Rd2+ 28.Kf3 Rxb2
29.h5 Be7 30.Ke4 Rb4+  0-1

[Event "IEWCC"]
[Site "Istanbul TUR"]
[Date "2003.06.13"]
[Round "10"]
[White "Kadziolka,B"]
[Black "Tkeshelashvili,S"]
[Result "0-1"]
[WhiteElo "2206"]
[BlackElo "2293"]

1.d4 d5 2.c4 c6 3.e3 Nf6 4.Nc3 e6 5.Nf3 Nbd7 6.Qc2 Bd6 7.e4 dxe4 8.Nxe4 Nxe4
9.Qxe4 Nf6 10.Qc2 O-O 11.Bd3 h6 12.O-O b6 13.Rd1 Qe7 14.Be3 c5 15.dxc5 bxc5
16.h3 Bb7 17.Nd2 Be5 18.Rab1 Rac8 19.Ne4 Nh5 20.Nc3 f5 21.Re1 Bb8 22.Qe2 Qf7
23.Rbd1 Rfe8 24.Bc1 Ba8 25.Bc2 Bf4 26.Ba4 Bxc1 27.Bxe8 Rxe8 28.Rxc1 Nf4 29.Qe5 Nxg2
30.Red1 Nh4 31.Qg3 Nf3+ 32.Kf1 f4 33.Qg2 Nd2+ 34.Rxd2 Bxg2+ 35.Kxg2 f3+ 36.Kf1 Qg6
37.Rd7 Qg2+ 38.Ke1 Qg1+  0-1